Conjugar verbos
Saved in:
| Main Author: | |
|---|---|
| Format: | Unknown |
| Language: | Portuguese |
| Published: |
Macau
J V do Rosário Júnior
1997
|
| Edition: | 1ª ed |
| Textbook Catalogue: | MANES: Library Catalog Search Result |
| Textbook Classification: | |
| Tags: |
Add Tag
No Tags, Be the first to tag this record!
|
| Added to: | 2016-04-26 |
| Changed in: | 2025-04-25 |
MARC
| LEADER | 000000000a22000000004500 | ||
|---|---|---|---|
| 001 | 31689 | ||
| 003 | OSt | ||
| 005 | 20250425111607.0 | ||
| 008 | 160427s pt ||||| |||| 00| 0 por d | ||
| 040 | |c centro_manes | ||
| 100 | 1 | |a Rosário Júnior, José Victor do |9 16753 | |
| 245 | 0 | 0 | |a Conjugar verbos |
| 250 | |a 1ª ed | ||
| 260 | 3 | |a Macau |b J V do Rosário Júnior |c 1997 | |
| 300 | |a 94 p.; |c 21 cm | ||
| 500 | |a Bibliografia, p. 88 |a Libro para ser usado en Macau (Macao) | ||
| 561 | |5 pt-BNP |a Portugal. Biblioteca Nacional de Portugal |k MANES | ||
| 942 | |2 ddc |c BK | ||
| 546 | |a Portugal | ||
| 999 | |c 33151 |d 33151 | ||
| 999 | |c manes:33151 |d 33151 | ||